Culture Générale - Série 1691 - Statistiques

Statistiques générales
  • Ce quiz a été pris 94 fois
  • Le résultat moyen est 7 sur 10
Statistiques - réponses
Question Réponse % Correct
Lequel des cinq sens est défaillant chez un astigmate ? vue
99%
Quelle est la couleur commune aux drapeaux nationaux de l'Allemagne et de l'Algérie ? rouge
94%
Comment appelle-t-on le petit de la souris ? souriceau
94%
Quel arbre, symbole de paix, un oléiculteur cultive-t-il ? olivier
90%
Dans le prolongement de quelle chaîne de montagnes française se situe le vignoble des Corbières ? Pyrénées
75%
En 1998, quel film d'animation des Studios Fox raconte l'histoire de la fille du dernier tsar de Russie ? Anastasia
67%
Dans les pays de langue espagnole, quel nom donne-t-on aux chaînes de montagnes ? sierra
64%
En 1994, à l'Olympia, quel humoriste campe une attachée de presse qui s'écrie : "Mais faut rigoler, c'est un spectacle comique !" ? Elie Kakou
35%
Combien d'années après leur mort, les archives des présidents de la République française deviennent-elles consultables ? 60 ans
27%
Complétez par un instrument de musique, ce proverbe signifiant qu'une personne est de bonne composition : “Il est du bois dont on fait... les flûtes
23%
Aucun quiz correspondant
Distribution des résultats
% des personnes avec chaque résultat
Percentile par nombre de réponses
Votre historique - résultats
Vous n’avez pas pris ce quiz